Wayehutta off highway vehicle (OHV) system, Nantahala National Forest /

Bibliographic Details
Corporate Author: United States. Forest Service. Southern Region
Format: Government Document Map
Language:English
Published: Atlanta, Ga. : U.S. Dept. of Agriculture, Forest Service, Southern Region, [2011]
Subjects:

MARC

Tag First Indicator Second Indicator Subfields
LEADER 00000cem a2200000 a 4500
001 in00002736734
005 20151202144815.0
007 aj canzn
008 111121s2011 gauag a f 1 eng c
020 |a 9781593516864 
020 |a 159351686X 
034 1 |a a  |b 12000  |d W0830930  |e W0830630  |f N0352215  |g N0351945 
035 |a (OCoLC)ocn767627085 
040 |a GPO  |c GPO  |d MvI  |d UtOrBLW 
042 |a pcc 
043 |a n-us-nc 
049 |a UDOC 
052 |a 3902  |b N35 
074 |a 0086-C 
086 0 |a A 13.36/2-6:R 8-RG-380 
110 1 |a United States.  |b Forest Service.  |b Southern Region. 
245 1 0 |a Wayehutta off highway vehicle (OHV) system, Nantahala National Forest /  |c constructed in 2011 by digital methods at the Southern Regional Office in Atlanta, Georgia. 
255 |a Scale 1:12,000  |c (W 83°9ʹ30ʺ--W 83°6ʹ30ʺ/N 35°22ʹ15ʺ--N 35°19ʹ45ʺ). 
264 1 |a Atlanta, Ga. :  |b U.S. Dept. of Agriculture, Forest Service, Southern Region,  |c [2011] 
300 |a 1 map :  |b color ;  |c 40 x 44 cm., folded to 14 x 8 cm. 
336 |a cartographic image  |b cri  |2 rdacontent 
337 |a unmediated  |b n  |2 rdamedia 
338 |a sheet  |b nb  |2 rdacarrier 
500 |a Relief shown by contours and spot heights. 
500 |a Shipping list number: 2012-0047-P. 
500 |a "August 2011." 
500 |a "R8-RG 380." 
500 |a Includes vicinity map and index to trails. 
500 |a Text and col. ill.on verso. 
500 |a Shipping List Date: 11/16/2011 
500 |a Cartographic material. 
650 0 |a Off-road vehicles  |z North Carolina  |z Nantahala National Forest  |v Maps. 
650 0 |a Automobiles  |x Recreational use  |z North Carolina  |z Nantahala National Forest  |v Maps. 
651 0 |a Nantahala National Forest (N.C.)  |v Maps. 
999 |a MARS 
999 f f |s dd164f7a-719b-32b1-8f6c-d7062f57530e  |i 24840513-efac-3a4c-98ff-24d53c12627f  |t 0 
952 f f |p normal  |a Texas A&M University  |b College Station  |c Sterling C. Evans Library  |d Evans: Maps File (2nd floor)  |t 0  |e A 13.36/2-6:R 8-RG-380  |h Superintendent of Documents classification  |i unmediated -- sheet  |m A14838684851 
998 f f |a A 13.36/2-6:R 8-RG-380  |t 0  |l Evans: Maps File (2nd floor)